Front cover image for كتاب فصل المقال وتقرير ما بين الشريعة والحكمة من الاتصال كتاب فصل المقال وتقرير ما بين الشريعة والحكمة من الاتصال / Kitāb faṣl al-maqāl wa-taqrīr mā bayna al-sharīʻah wa-al-ḥikmah min al-ittiṣāl / (Record no. 81109)
[ view plain ]
| 000 -LEADER | |
|---|---|
| fixed length control field | 01205nam a2200229 a 4500 |
| 003 - CONTROL NUMBER IDENTIFIER | |
| rucl marc code | BD-RjUL |
| 005 - DATE AND TIME OF LATEST TRANSACTION | |
| control field | 20230121161935.0 |
| 008 - FIXED-LENGTH DATA ELEMENTS--GENERAL INFORMATION | |
| fixed length control field | 920225s1959 ne 000 0 ara d |
| 035 ## - SYSTEM CONTROL NUMBER | |
| System control number | (BD-RjUL) |
| 040 ## - CATALOGING SOURCE | |
| Original cataloging agency | BAR |
| Language of cataloging | eng |
| Transcribing agency | BD-RjUL |
| 041 ## - LANGUAGE CODE | |
| Language code of text/sound track or separate title | ara |
| 082 ## - DEWEY DECIMAL CLASSIFICATION NUMBER | |
| Edition number | 23 |
| Classification number | 181.07 |
| Author mark and year | IBK 1959 |
| 100 1# - MAIN ENTRY--PERSONAL NAME | |
| Personal name | ابن رشد، محمد بن احمد،Ibn Rushd, Muhammad bin Ahmed, |
| Dates associated with a name | 1126-1198. |
| 9 (RLIN) | 6662 |
| 245 15 - TITLE STATEMENT | |
| Title | Front cover image for كتاب فصل المقال وتقرير ما بين الشريعة والحكمة من الاتصال كتاب فصل المقال وتقرير ما بين الشريعة والحكمة من الاتصال / Kitāb faṣl al-maqāl wa-taqrīr mā bayna al-sharīʻah wa-al-ḥikmah min al-ittiṣāl / |
| Statement of responsibility, etc. | لابي الوليد محمد بن احمد بن رشد؛ تحقيق جورج فضلو الحوراني.labi alwalid muhamad bin ahmad bin rushda; tahqiq jurj fadlu alhurani. |
| 260 ## - PUBLICATION, DISTRIBUTION, ETC. (IMPRINT) | |
| Place of publication, distribution, etc. | ليدن : |
| Name of publisher, distributor, etc. | بريل، |
| Date of publication, distribution, etc. | 1959. |
| 300 ## - PHYSICAL DESCRIPTION | |
| Pagination | 56+ 19 ص ; |
| Size | 25 س. |
| 500 ## - GENERAL NOTE | |
| General note | مع ص.ع. ومقدمة بالانكليزية |
| 650 #4 - SUBJECT ADDED ENTRY--TOPICAL TERM | |
| Topical term or geographic name as entry element | Islam and philosophy |
| 9 (RLIN) | 4662 |
| Topical term or geographic name as entry element | Islamic philosophy |
| 700 1# - ADDED ENTRY--PERSONAL NAME | |
| Personal name | الحوراني، جورج فضلو |
| 942 ## - ADDED ENTRY ELEMENTS (KOHA) | |
| Source of classification or shelving scheme | Dewey Decimal Classification |
| Koha item type | Books |
| Lost status | Source of classification or shelving scheme | Damaged status | Not for loan | Collection code | Permanent Location | Current Location | Shelving location | Date acquired | Source of acquisition | Cost, normal purchase price | Total Checkouts | Full call number | Date last seen | Copy number | Koha item type |
|---|---|---|---|---|---|---|---|---|---|---|---|---|---|---|---|
| Dewey Decimal Classification | Not For Loan | Non-fiction | Central Library, University of Rajshahi | Central Library, University of Rajshahi | Reading Room | 23/12/1969 | Zeitlinger | 35.00 | A 181.07 IBK 1959 | 21/01/2023 | C-1 | Books |